• 首页
  • 本馆介绍
  • 公告通知
  • 最新文献
  • 馆藏检索
  • 电子资源
  • 读者导购
  • 参考咨询
  • 我的图书馆
  • 登录
  • 详细信息显示
  • 放入我的书架
  • 预约/预借图书
  • 作者相关作品
  • 分类相关作品
  • 丛书相关作品
  • 出版社相关作品

书目信息

  • 表格格式
  • 工作单格式
  • 卡片格式
题名:
地史学教程
    
 
作者: 王鸿祯 著
分册:  
出版信息: 北京   地质出版社  1956.02
页数: 396页
开本: 20cm
丛书名:
单 册:
中图分类: Q57
科图分类:
主题词: 激素
电子资源:
ISBN:
000 00600nam0 2200217 450
001 0833918414
005 20081007092952.76
010    @dCNY2.60
091    @a15165.1051(地质-61)
100    @a20081007d1956 km y0chiy0120 ea
101 0  @achi
102    @aCN@b110000
200 1  @a地史学教程@Adi shi xue jiao cheng@f王鸿祯著@Fwang hong zhen zhu
210    @a北京@c地质出版社@d1956.02
215    @a396页@d20cm
300    @a高等学校教材试用本
606 0  @a激素
690    @aQ57@v4
701  0 @a王鸿祯@Awang hong zhen@4著
801  0 @aCN@b大连网信软件有限公司图书馆·11@c20081007
905    @aBZT@dQ57@e1
    
    地史学教程/王鸿祯著.-北京:地质出版社,1956.02
    396页;20cm
    高等学校教材试用本
    
    ISBN :CNY2.60
    
●
相关链接 在五车中查询图书 在当当中查询图书 在豆瓣中查询图书


正题名:地史学教程     索取号:Q57/1         预约/预借

序号 登录号 条形码 馆藏地/架位号 状态 备注
1 0041539   201247828   中心书库中库/ 中库042架B面3列4层19/ [索取号:Q57/1] 在馆    
2 0041540   201247800   中心书库中库/ 中库042架B面3列4层18/ [索取号:Q57/1] 在馆    
山东省滨州职业学院图书馆 欢迎您!
大连网信软件有限公司© 版权所有